000
00324nam a2200133Ia 4500
008
230917s9999||||xx |||||||||||||| ||und||
040
_e
93666
_a
MAIN
041
_a
English
082
_a
677 M426N
100
_a
Mathur, Sandeep
245
0
_a
Nozzle design considerations in airjet texturing
300
_a
31 p.
942
_c
TH
999
_c
49768
_d
49768